La C.T.A.L. ante la guerra y ante la postguerra /

Saved in:
Bibliographic Details
Main Author: Lombardo Toledano, Vicente, 1894-1968.
Format: Book
Language:Spanish
Published: México : [Universidad Obrera de México], 1945.
Subjects:
Tags: Add Tag
No Tags, Be the first to tag this record!
LEADER 00819nam a2200253 a 4500
001 005654271-2
005 20100622085937.0
008 910918s1945 mx c 000 0 spa d
010 |a  91196565  
035 0 |a ocm25875634 
035 0 |a ocm25875634  |z ocm06419590 
040 |a CU-SB  |c DLC  |d VA@  |d HVL 
042 |a lccopycat 
043 |a n-mx---  |a cl----- 
090 |a HD6475.A2  |b C647 1945 
100 2 |a Lombardo Toledano, Vicente,  |d 1894-1968. 
245 1 3 |a La C.T.A.L. ante la guerra y ante la postguerra /  |c Vicente Lombardo Toledano. 
246 3 |a CTAL ante la guerra y ante la postguerra 
260 |a México :  |b [Universidad Obrera de México],  |c 1945. 
300 |a 161 p. :  |b port. ;  |c 18 cm. 
610 2 0 |a Confederación de Trabajadores de América Latina. 
650 0 |a Socialism. 
988 |a 20020608 
906 |0 OCLC